Jelly Roll Morton (Record n. 98879)

Dettagli MARC
000 -LEADER
fixed length control field 03144njm a2200433Ia 4500
001 - CONTROL NUMBER
control field 40747
003 - CONTROL NUMBER IDENTIFIER
control field IT-RoPAU
005 - DATE AND TIME OF LATEST TRANSACTION
control field 20220918181110.0
008 - FIXED-LENGTH DATA ELEMENTS--GENERAL INFORMATION
fixed length control field 131025s9999 xx 000 0 und d
040 ## - CATALOGING SOURCE
Original cataloging agency IT-RoPAU
040 ## - CATALOGING SOURCE
Transcribing agency IT-RoPAU
999 ## - SYSTEM CONTROL NUMBERS (KOHA)
Koha Dewey Subclass [OBSOLETE] n.d.
100 ## - MAIN ENTRY--PERSONAL NAME
Personal name Morton Jelly Roll
9 (RLIN) 22246
100 ## - MAIN ENTRY--PERSONAL NAME
Relator term Autore musica
9 (RLIN) 22247
100 ## - MAIN ENTRY--PERSONAL NAME
Miscellaneous information Codice autore musica SPICS: 10672
9 (RLIN) 22248
245 ## - TITLE STATEMENT
Title Jelly Roll Morton
250 ## - EDITION STATEMENT
Edition statement 2a ed.
260 ## - PUBLICATION, DISTRIBUTION, ETC. (IMPRINT)
Place of publication, distribution, etc. MILANO
260 ## - PUBLICATION, DISTRIBUTION, ETC. (IMPRINT)
Name of publisher, distributor, etc. RUSCONI
Date of publication, distribution, etc. 1987 [1a Ed.:]
300 ## - PHYSICAL DESCRIPTION
Extent DISCO
300 ## - PHYSICAL DESCRIPTION
Dimensions 43 minuti (Testo: pag.)
500 ## - GENERAL NOTE
General note Musica jazz. Ragtime. Blues. Pianoforte
505 ## - FORMATTED CONTENTS NOTE
Formatted contents note Stratford Hunch (Cincinnati, 9 giugno 1924) - Freakish (New Jersey, 8 luglio 1929) - Sporting House Rag [(Perfect Rag) (New York, 14 dicembre 1939)] - The Pearls (Chicago, 20 aprile 1926) - The Crave (New York, 14 dicembre 1939) - The Naked Dance [(New York, 16 dicembre 1939) (3:00)] - Michigan Water Blues [(New York, 28 dicembre 1939) (3:00)] - Dead Man Blues [(Chicago, 21 luglio 1926) (4:00)] - Georgia Swing [(New York, 11 giugno 1928) (3:00)] - Black Bottom Stomp [(Chicago, 15 settembre 1926) (4:00)] - Ham 'N' Eggs [(New York, 13 marzo 1928) (4:00)] - I Hate A Man Like You [(New York, 11 dicembre 1929) (4:00)] - Jungle Blues [(Chicago, 4 giugno 1927) (4:00)] - Turtle Twist [(New York, 17 dicembre 1929) (4:00)]
511 ## - PARTICIPANT OR PERFORMER NOTE
Participant or performer note Henderson Hedmonia: voc, acc; da George Mitchell o Lee Collins: corn, prob; Evans Stomp: alto; Morton Jelly Roll: p
511 ## - PARTICIPANT OR PERFORMER NOTE
Participant or performer note Red Hot Pepper; Spinkett Ward: tr; Fields Geechie: trne; Simeon Omer: cl; Morton Jelly Roll: p; Blair Lee: bjo; Benford Bill: basso tuba; Benford Tommy: batt; Jelly Roll Morton and His Red Hot Peppers
511 ## - PARTICIPANT OR PERFORMER NOTE
Participant or performer note Mitchell George: corn; Ory Kid: trne; Simeon Omer: cl; Morton Jelly Roll: p; St. Cyr Johnny: bjo; Lindsay John: cb; Hilaire Andrew: batt; Jelly Roll Morton and His Red Hot Peppers
511 ## - PARTICIPANT OR PERFORMER NOTE
Participant or performer note Dunn Johnny: corn; Flemming Herb: trne; Bushell Garvin: cl; Morton Jelly Roll: p; Mitchell John: bjo; Hull Harry: basso tuba, prob; Perry Mort: batt; Johnny Dunn and His Band
511 ## - PARTICIPANT OR PERFORMER NOTE
Participant or performer note Miles Lizzie: voc, acc; Da Morton Jelly Roll; p
511 ## - PARTICIPANT OR PERFORMER NOTE
Participant or performer note Mitchell George: corn; Reevers Gerald: trne; Dodds Johnny: cl; Evans Stomp: alto; Morton Jelly Roll: p; Scott Bud: bjo; Wilson Quinn: basso tuba; Dodds Baby: batt; Jelly Roll Morton and His Red Hot Peppers
511 ## - PARTICIPANT OR PERFORMER NOTE
Participant or performer note Bigard Barney: cl; Morton Jelly Roll: p; Singleton Zutty: batt; Jelly Roll Morton Trio
650 ## - SUBJECT ADDED ENTRY--TOPICAL TERM
Topical term or geographic name as entry element JAZZ [DISCHI]
Relator term Codice MATERIA SPICS: 9950
9 (RLIN) 22249
700 ## - ADDED ENTRY--PERSONAL NAME
Personal name AA.VV.
Relator term Autore
Miscellaneous information Codice autore SPICS: 12000
9 (RLIN) 799
700 ## - ADDED ENTRY--PERSONAL NAME
Personal name Morton Jelly Roll
Miscellaneous information Codice interprete SPICS: 10672
Relator term Interprete
9 (RLIN) 22250
700 ## - ADDED ENTRY--PERSONAL NAME
Personal name Jackson Tony
Miscellaneous information Codice autore musica SPICS: 18183
Relator term Autore musica
Name of part/section of a work The Naked Dance
9 (RLIN) 22251
700 ## - ADDED ENTRY--PERSONAL NAME
Personal name Williams Clarence
Miscellaneous information Codice autore musica SPICS: 13039
Relator term Autore musica
Name of part/section of a work Michigan Water Blues
9 (RLIN) 22252
700 ## - ADDED ENTRY--PERSONAL NAME
Personal name Gonzales Anita
Miscellaneous information Codice autore musica SPICS: 18184
Relator term Autore musica
Name of part/section of a work Dead Man Blues
9 (RLIN) 22253
700 ## - ADDED ENTRY--PERSONAL NAME
Personal name Pecora Santo
Miscellaneous information Codice autore musica SPICS: 18185
Relator term Autore musica
Name of part/section of a work Georgia Swing
9 (RLIN) 22254
942 ## - ADDED ENTRY ELEMENTS (KOHA)
Koha item type DISCHI
Source of classification or shelving scheme Dewey Decimal Classification
Dati di copia
Withdrawn status Lost status Damaged status Not for loan Home library Current library Date acquired Total Checkouts Full call number Date last seen Price effective from Koha item type Public note
    Buone Condizioni Not For Loan SPICS-MEDIATECA SPICS-MEDIATECA 25/10/2013   40747 25/10/2013 25/10/2013 DISCHI Progr. Ins.: 14450 / N.Vol.: 1 / Copie: 1 - Copia rara: n.d. / date import: 01.01.2014 - By Epidotti, Trombetti, Vaglietti
CREDITS: SOCIETA' SAN PAOLO Via A.Severo, 58 - ROMA (RM) & PERIODICI SAN PAOLO SRL Via Giotto, 36 MILANO & CISF Via Giotto, 36 MILANO & EDIZIONI SAN PAOLO SRL,  Piazza Soncino, 5 CINISELLO BALSAMO (MI) -- ITALY